00586pab a2200181 454500008004000000100001700040245009700057260000900154300001300163362001200176650002600188650001800214700002100232773002000253909001000273999001700283952010400300180718b2001 xxu||||| |||| 00| 0 eng d aSuganthi, L. aStudies on the factors influencing the progress of women at work using discriminant analysis c2001 ap.30-43. aOct-Dec aWomen workers - India aWomen workers aSamuel, Anand A. aIASSI Quarterly a54953 c54953d54953 00104070aIIPAbIIPAd2018-07-19hVolume no: 20, Issue no: 2pAR55398r2018-07-19w2018-07-19yAR